Paesi con più lingue ufficiali - Statistics

Statistiche generali
  • Questo quiz è stato fatto 48 volte
  • Il punteggio medio è 15 su 21
Statistiche sulle risposte
Continente Numero di lingue ufficiali Paese % Corretto
Europa / Asia 34 Russia
98%
America del Sud 4 Brasile
95%
Asia 11 Cina
95%
Asia 23 India
91%
America del Nord 8 Stati Uniti
91%
Europa 14 Italia
89%
America del Nord 4 Canada
86%
America del Sud 38 Bolivia
84%
Africa 11 Sudafrica
84%
Europa 7 Svizzera
82%
Europa 7 Germania
80%
Europa 6 Spagna
77%
Asia 4 Indonesia
64%
Africa 5 Etiopia
57%
Oceania 4 Papua Nuova Guinea
57%
Europa 7 Serbia
57%
Europa 4 Paesi Bassi
52%
Europa 4 Austria
50%
Europa 4 Danimarca
36%
Africa 15 Zimbabwe
23%
Asia 4 Singapore
18%
Nessun quiz corrispondente trovato
Distribuzione punteggi
Percentuale di utenti per punteggio
Percentile per numero di risposta
I tuoi punteggi nel tempo
Non hai fatto questo quiz